| 000 | 00487nam a2200193Ia 4500 | ||
|---|---|---|---|
| 003 | GCL | ||
| 008 | 140319s9999 xx 000 0 eng d | ||
| 040 |
_aGCL / _cGCL |
||
| 082 | 0 | 4 |
_aP _b360.2011 _bF P |
| 100 | 1 | _aFAO | |
| 245 | 1 | 0 |
_aPRODUCTION VOL.46 / _cFAO |
| 260 |
_a[S.N] : _bFOOD AND AGRICULTURE ORGANIZATION. ، _c1992 |
||
| 300 | _a281 P | ||
| 650 | 0 | 4 | _aDEVELOPMENT |
| 650 | 0 | 4 | _aAGRICULTURE |
| 650 | 0 | 4 | _aYEAR BOOKS |
| 650 | 0 | 4 | _aAGRICULTURAL PRODUCTION |
| 942 |
_2ddc _cCR |
||
| 999 |
_c25901 _d25901 |
||